Обновление производства: атакующие выигрывают: пер. с англ.

Detalhes bibliográficos
Autor principal: Фостер Р.
Idioma:russo
Publicado em: Москва, Прогресс, 1987
Assuntos:
Formato: MixedMaterials Livro
KOHA link:https://koha.lib.tpu.ru/cgi-bin/koha/opac-detail.pl?biblionumber=18061

MARC

LEADER 00000nam0a2200000 4500
001 18061
005 20231030191143.0
035 |a (RuTPU)RU\TPU\book\18210 
035 |a BOOK00000068 
090 |a 18061 
100 |a 20011209d1987 km y0rusy50 ca 
101 1 |a rus  |c eng 
102 |a RU 
105 |a y z 000zy 
200 1 |a Обновление производства: атакующие выигрывают  |e пер. с англ.  |f Р. Фостер 
210 |a Москва  |c Прогресс  |d 1987 
215 |a 272 с. 
610 1 |a экономика 
610 1 |a производство 
610 1 |a нововведение 
610 1 |a новые технологии 
610 1 |a управление 
686 |a У9(7США)21  |v LBC/SL-A  |2 rubbk 
700 1 |a Фостер  |b Р. 
801 0 |a RU  |b 63413507  |c 20011209  |g PSBO 
801 2 |a RU  |b 63413507  |c 20060628  |g PSBO 
942 |c BK